Z dejín národného hospodárstva a ekonomického myslenia na Slovensku - 1 Industrializácia Slovenska do r. 1960 z hľadiska menších územných celkov

Guardado en:
Detalles Bibliográficos
Autor principal: Repčíková, Jindra
Formato: Libro
Lenguaje:eslovaco
Publicado: Bratislava Ekonomický ústav SAV 1982
Colección:Výskumné práce č. 54/1982
Etiquetas: Agregar Etiqueta
Sin Etiquetas, Sea el primero en etiquetar este registro!

MARC

LEADER 00000nam a2200000 4500
001 c133739
005 20041019155259.0
041 0 |a slo 
044 |a SK 
245 1 0 |a Z dejín národného hospodárstva a ekonomického myslenia na Slovensku - 1  |b Industrializácia Slovenska do r. 1960 z hľadiska menších územných celkov  |c Jindra Repčíková 
264 1 |a Bratislava  |b Ekonomický ústav SAV  |c 1982 
300 |a 121 s. 
490 1 |a Výskumné práce  |v č. 54/1982 
830 0 |a Výskumné práce  |v č. 54/1982 
100 1 |a Repčíková, Jindra